书目信息 |
| 题名: |
读懂成长的心
|
|
| 作者: | 李丹 编著 | |
| 分册: | ||
| 出版信息: | 北京 北京工业大学出版社 2013.1 |
|
| 页数: | 275页 | |
| 开本: | 24cm | |
| 丛书名: | ||
| 单 册: | ||
| 中图分类: | B844.1 , G78 | |
| 科图分类: | ||
| 主题词: | 儿童心理学 , 儿童教育--家庭教育 | |
| 电子资源: | ||
| ISBN: | 978-7-5639-3327-3 | |
| 000 | 01102nam0 2200277 45 | |
| 001 | 1360557999 | |
| 005 | 20130531100704.18 | |
| 010 | @a978-7-5639-3327-3@dCNY32.00 | |
| 100 | @a20130513d2013 em y0chiy0121 ea | |
| 101 | 0 | @achi |
| 102 | @aCN@b110000 | |
| 105 | @ay a 000yy | |
| 106 | @ar | |
| 200 | 1 | @a读懂成长的心@ADou Dong Cheng Chang De Xin@e解读孩子的异常心理和行为@EJie Dou Hai Zi De Yi Chang Xin Li He Xing Wei@f李丹编著@FLi Dan Bian Zhu |
| 210 | @a北京@c北京工业大学出版社@d2013.1 | |
| 215 | @a275页@d24cm | |
| 320 | @a有书目 (第274-275页) | |
| 330 | @a本书通过大量生动的事例从多个层面详细地解读孩子的异常心理和行为, 帮助父母真正地了解自己的孩子, 读懂孩子成长的心。从而帮助孩子矫正不良习惯, 引导孩子树立正确的人生观和价值观, 让孩子拥有健康的人格和优秀的品质, 更加健康快乐地成长。 | |
| 517 | 1 | @a解读孩子的异常心理和行为@AJie Dou Hai Zi De Yi Chang Xin Li He Xing Wei |
| 606 | 0 | @a儿童心理学 |
| 606 | 0 | @a儿童教育@x家庭教育 |
| 690 | @aB844.1@v5 | |
| 690 | @aG78@v5 | |
| 701 | 0 | @a李丹@ALi Dan@4编著 |
| 801 | @aCN@bTANGWEI@c20130523 | |
| 905 | @b0835418-23@dB844.1@e1188@f6 | |
| 读懂成长的心:解读孩子的异常心理和行为/李丹编著.-北京:北京工业大学出版社,2013.1 |
| 275页;24cm |
| ISBN 978-7-5639-3327-3:CNY32.00 |
| 本书通过大量生动的事例从多个层面详细地解读孩子的异常心理和行为, 帮助父母真正地了解自己的孩子, 读懂孩子成长的心。从而帮助孩子矫正不良习惯, 引导孩子树立正确的人生观和价值观, 让孩子拥有健康的人格和优秀的品质, 更加健康快乐地成长。 |
| ● |
| 相关链接 |
|
|
|
|
正题名:读懂成长的心
索取号:B844.1/1188
 
预约/预借
| 序号 | 登录号 | 条形码 | 馆藏地/架位号 | 状态 | 备注 |
| 1 | 0835418 | 208354181 | 第一样本阅览室/ [索取号:B844.1/1188] | 在馆 | |
| 2 | 0835419 | 208354190 | 教育系资料室/ [索取号:B844.1/1188] | 在馆 | |
| 3 | 0835420 | 208354207 | 第一借阅区/ [索取号:B844.1/1188] | 在馆 | |
| 4 | 0835421 | 208354216 | 教育系资料室/ [索取号:B844.1/1188] | 在馆 | |
| 5 | 0835422 | 208354225 | 教育系资料室/ [索取号:B844.1/1188] | 在馆 | |
| 6 | 0835423 | 208354234 | 第一借阅区/ [索取号:B844.1/1188] | 在馆 |